|
|
|
|
| LEADER |
00000nab a2200000 4500 |
| 008 |
150518b1997 cl ||||| |||| 00| 0 spa d |
| 090 |
|
|
|a REVIS 15.04.04
|
| 100 |
1 |
|
|9 73
|a Torre, Pilar
|
| 245 |
1 |
0 |
|a Salud reproductiva en Chiapas : ¿cuál es la realidad? /
|c Pilar Torre
|
| 260 |
|
|
|a chile :
|b Red de Salud de las mujeres latinoamericanas y del caribe,
|c 1997
|
| 300 |
|
|
|a páginas 57-65
|
| 650 |
1 |
4 |
|9 62
|a SALUD REPRODUCTIVA
|
| 773 |
0 |
|
|d Chile : Red de Salud de las Mujeres Lationamericanas 1997
|o R0007
|t Revista Mujer Salud
|x 0716-8381
|g No.1 (enero- marzo,1997)
|
| 942 |
|
|
|h REVIS 15.04.04
|2 z
|c 10
|
| 999 |
|
|
|c 2568
|d 2568
|